000 00404nam a2200169Ia 4500
008 230524s9999 xx 000 0 und d
020 _a8178080354
082 _a5.133
_bDEI
100 _aH.M.Deitel
245 0 _aOperating Systems
250 _a2ND
260 _aNEW DELHI
_b"Addison Wisley,Pearson"
_c1999
300 _aXXV;853
500 _aQuantity Number: 7
650 _aComp-Sc
942 _cBK
999 _c18768
_d18768